000171126 001__ 171126
000171126 005__ 20260512132622.0
000171126 020__ $$a978-84-17633-49-3
000171126 037__ $$aBOOK-2026-286
000171126 041__ $$aspa
000171126 100__ $$aAlfaro Lera, José Antonio$$b
000171126 245__ $$aRehabilitación del Castillo del Compromiso [Lugar: Caspe, Zaragoza, Fecha de proyecto: 2011, Fecha de obra: 2012]
000171126 260__ $$aZaragoza$$bPrensas de la Universidad de Zaragoza$$c2018
000171126 300__ $$a24-27
000171126 506__ $$aall-rights-reserved
000171126 540__ $$9info:eu-repo/semantics/openAccess
000171126 700__ $$aLabarta Aizpún, Carlos$$b
000171126 700__ $$aOliván Bascones, Gabriel$$b
000171126 700__ $$aCal Nicolás, Pablo de la$$b
000171126 773__ $$tEstados intermedios = Intermediate stages
000171126 8560_ $$flplumed@unizar.es
000171126 8564_ $$s2734782$$uhttps://zaguan.unizar.es/record/171126/files/BOOK-2026-286.pdf$$zTexto completo
000171126 909CO $$ooai:zaguan.unizar.es:171126$$pbooks
000171126 980__ $$aBOOK$$bCAPITULOS$$b